Multiple Choice City Quiz – London - Statistics

General Stats
  • This quiz has been taken 54,645 times
    35,092 since last reset
  • The average score is 8 of 10
Answer Stats
Question Answer % Correct
What is the main color of London's buses? Red
98%
A person from London is known as a ... Londoner
88%
What animal would you find, in statue form, in Trafalgar Square? Lions
83%
What was the name of the theatre where Shakespeare's plays were performed? The Globe
77%
What is the tallest building in London? The Shard
76%
Which part of London is known for its theatres? West End
73%
If you were to follow the Thames downriver from London to the sea, which direction would you travel? East
71%
Where would you find Speakers' Corner? Hyde Park
67%
What made Pudding Lane famous? The Great Fire of 1666
59%
What killed thousands of people in London in December, 1952? Smog
58%
No matching quizzes found
Score Distribution
Percent of People with Each Score
Percentile by Number Answered
Your Score History
You have not taken this quiz since the last reset